000 00904 a2200265 4500
005 20180312141942.0
008 131001s2002 sp a ar|||| 00| 0 spa d
020 _a8434863642
040 _aCO-BoUCM
_bspa
_cJose A. Gerena
_dDiana Londoño
041 0 0 _aspa
100 0 _aElzbieta, Murawska
_946952
245 1 0 _aFlon - Flon y Músina
_cMurawska Elzbieta, traducción de Paz Barroso
250 _a5a Ed
260 _c2002
_bSM
_aMadrid (España)
300 _a30 páginas
_bilustraciones a color
490 _aLos piratas
_aEl barco de vapor
_v14
650 7 _918726
_aLiteratura polaca
650 7 _937305
_aCuentos ilustrados para niños
650 7 _aCuentos polacos
_912299
690 _942863
_aLiteratura europea
700 1 _aBarroso, Paz
_etraductor
_946953
765 _tFlon-Flon & Musette
942 _a18
_cLIBRO
_e5
_mE529f
_2DEWEY
_h891.85
_n0
999 _c181718
_d181718